Historia de la devoción al sagrado Corazón de Jesús en la vida de la Venerable Madre Margarita María, religiosa de la Visitación...

Detalles Bibliográficos
Autor principal: LANGUET, Juan José
Formato: Libro
Publicado: Salamanca 1738
Materias:
Colección:Banco de datos
Acervo:Biblioteca del Convento de Santa Mónica de la Ciudad de Puebla. Puebla
Descripción Física:t. I
Tema general:Biografías
Notas:Regular. Ex libris manuscrito de la Comunidad. A3, 8.
LEADER 00772nam a22002050004500
035 |a 51482 
036 |a 1250 
100 1 |a LANGUET, Juan José 
245 1 0 |a Historia de la devoción al sagrado Corazón de Jesús en la vida de la Venerable Madre Margarita María, religiosa de la Visitación... 
260 |a Salamanca  |b imp. Antonio José Villagordo  |c 1738 
300 |a t. I 
500 |a Regular. Ex libris manuscrito de la Comunidad. A3, 8. 
650 1 0 |a Biografías 
949 |a CRP 
959 |a Ex convento de Santa Mónica. Puebla, Puebla  |b CCC5 
960 |a Convento de Santa Mónica de la ciudad de Puebla  |b DD88 
961 |a Franciscana  |b OF 
942 |c CRP-SM 
943 |g Biblioteca del Convento de Santa Mónica de la Ciudad de Puebla. Puebla 
999 |c 961820  |d 961820